| 000 | 00905cam a2200301 4500 | ||
|---|---|---|---|
| 001 | ABS62590 | ||
| 008 | 000000n2000 000 0 eng u | ||
| 035 | _a(Sirsi) u107643 | ||
| 245 | _aFocus 2000: the West Country | ||
| 260 | _c2000 | ||
| 490 |
_aEstates Gazette _v(0029) 22 July 2000, 77-95(8) |
||
| 590 | _aABS | ||
| 650 | _aSOMERSET | ||
| 650 | _aCORNWALL | ||
| 650 | _aWILTSHIRE | ||
| 650 | _aDEVON | ||
| 650 | _aPLYMOUTH | ||
| 650 | _aEXETER | ||
| 650 | _aOBJECTIVE 1 FUNDING | ||
| 650 | _aPROPERTY-COMMERCIAL PROPERTY-OFFICE PROPERTY-OFFICE PROPERTY MARKET | ||
| 650 | _aPROPERTY-COMMERCIAL PROPERTY-RETAIL PROPERTY-RETAIL PROPERTY MARKET | ||
| 650 | _aINWARD INVESTMENT | ||
| 650 | _aRETAIL CENTRES | ||
| 650 | _aTAUNTON | ||
| 650 | _aSOUTH WEST OF ENGLAND REGIONAL DEVELOPMENT AGENCY | ||
| 690 | _aPROPERTY-COMMERCIAL PROPERTY-COMMERCIAL PROPERTY MARKET | ||
| 942 | _n0 | ||
| 999 |
_c64315 _d64315 |
||